Calciatore portoghese dell'anno della Primeira Liga - Statistics

Statistiche generali
  • Questo quiz è stato fatto 3 volte
  • Il punteggio medio è 5 su 22
Statistiche sulle risposte
Edizione Nazione Squadra Calciatore % Corretto
2018 Portogallo Sporting Lisbona Bruno Fernandes
67%
2019 Portogallo Sporting Lisbona Bruno Fernandes
67%
2022 Uruguay Benfica Darwin Núñez
67%
2005 Portogallo Porto Ricardo Quaresma
67%
2006 Portogallo Porto Ricardo Quaresma
67%
2004 Portogallo Porto Deco
33%
2011 Brasile Porto Hulk
33%
2012 Brasile Porto Hulk
33%
2003 Portogallo Porto Ricardo Carvalho
33%
2021 Uruguay Sporting Lisbona Sebastián Coates
33%
2009 Portogallo Porto Bruno Alves
0%
2010 Brasile Benfica David Luiz
0%
2014 Argentina Benfica Enzo Pérez
0%
2020 Messico Porto Jesús Corona
0%
2015 Brasile Benfica Jonas
0%
2016 Brasile Benfica Jonas
0%
2008 Argentina Porto Lisandro López
0%
2002 Brasile Sporting Lisbona Mário Jardel
0%
2013 Serbia Benfica Nemanja Matić
0%
2001 Portogallo Boavista Petit
0%
2017 Portogallo Benfica Pizzi
0%
2007 Portogallo Benfica Simão Sabrosa
0%
Nessun quiz corrispondente trovato
Distribuzione punteggi
Percentuale di utenti per punteggio
Percentile per numero di risposta
I tuoi punteggi nel tempo
Non hai fatto questo quiz